000 00487nam a2200181Ia 4500
005 20250508160817.0
008 008 250505s9999 xx 000 0 eng d
037 _aTextual
040 _aFEDL
_beng
_cFEDL
041 _aeng
_2eng
084 _a379, BAL
_qFEDL
100 _aBaljit Singh Ed.
245 0 _aEducation as investment
260 _aMeerut, India
_bMeenakshi Prakashan
_c1967
300 _axvi,236p.
942 _cTEXL
_h379, BAL
999 _c1366748
_d1366748